000 00276nam a2200109Ia 4500
008 200302s9999 xx 000 0 und d
100 _aNelson L. Burbank
245 _aHouse Construction Details 7th ed.
260 _bTata Mcgraw-Hill Co. Inc.
260 _c1986
300 _a460 P.,
999 _c726
_d726